00444nam a2200133Ia 4500082001900000245007600019260004000095300001300135650004600148650003800194650003300232650002700265700001800292 a025.00285 USE; 0aUse of microprocessors in information analysis and library applications aNew DelhibBatra Book Servicec1988 av, 253p. aInformation storage and retrieval systems aLibrary science - Data processing aLibrary information networks aLibraries - Automation aNagarajan, S.